| Tag |
First Indicator |
Second Indicator |
Subfields |
| LEADER |
00000cam a2200000 4500 |
| 001 |
in00000036387 |
| 005 |
20151007060839.0 |
| 008 |
730418s1924 nyua 10000 eng u |
| 010 |
|
|
|a 24021888
|
| 035 |
|
|
|a (OCoLC)00606913
|
| 035 |
|
|
|9 AAD0376AM
|
| 040 |
|
|
|c KSU
|d TXA
|d UtOrBLW
|
| 049 |
|
|
|a TXAM
|c [21497]
|
| 050 |
|
0 |
|a HD8039.B92
|b U6 1921
|
| 092 |
|
|
|a 690.973
|b C748s
|
| 111 |
2 |
|
|a Conference on Unemployment
|d (1921 :
|c Washington, D.C.).
|e Committee on Seasonal Operation in the Construction Industries.
|
| 245 |
1 |
0 |
|a Seasonal operation in the construction industries :
|b the facts and remedies; report and recommendations of a committee of the President's conference on unemployment /
|c with a foreword by Herbert Hoover.
|
| 250 |
|
|
|a 1st ed.
|
| 264 |
|
1 |
|a New York [etc.] :
|b McGraw-Hill book company, inc.,
|c 1924.
|
| 300 |
|
|
|a xxx, 213 pages :
|b illustrations ;
|c 24 cm.
|
| 336 |
|
|
|a text
|b txt
|2 rdacontent
|
| 337 |
|
|
|a unmediated
|b n
|2 rdamedia
|
| 338 |
|
|
|a volume
|b nc
|2 rdacarrier
|
| 650 |
|
0 |
|a Building
|z United States.
|
| 650 |
|
0 |
|a Unemployed
|z United States.
|
| 999 |
|
|
|a MARS
|
| 999 |
f |
f |
|s 1065cc83-3a42-3546-8fe7-2169931303d5
|i 6653403a-8854-3847-b014-3e2ac245cdde
|t 0
|
| 952 |
f |
f |
|p ric
|a Texas A&M University
|b Rellis Campus
|c Joint Library Facility
|d Remote Storage
|t 0
|e HD8039.B92 U6 1921
|h Library of Congress classification
|i unmediated -- volume
|m A14801138421
|
| 998 |
f |
f |
|a HD8039.B92 U6 1921
|t 0
|l Remote Storage
|